Random Fragen Part 1 - Statistiken

Allgemein
  • Dieses Quiz wurde 1.860 mal gespielt
  • Das Durchschnittsergebnis liegt bei 11 aus 15
Antwortstatistiken
Frage Antwort % Korrekt
Was ist die Hauptstadt von Griechenland? Athen
99%
Was ist kein Planet? Pluto
98%
Wie viele Einwohner hat Deutschland ca.? 85mio
95%
Was ist die Hauptstadt von Liechtenstein? Vaduz
95%
Was ist kein Nachbarland von Deutschland? Liechtenstein
90%
Welche Sprache spricht man in Brasilien? Portugiesisch
89%
Welche Flagge hat kein Stern? Argentinien
84%
Auf welchem Kontinent liegt Guinea-Bissau? Afrika
74%
Wo liegt Nauru? Ozeanien
74%
Wo liegt Französisch-Guyana? Südamerika
71%
Was ist das zweitgrößte Land? Kanada
65%
Welche Sprache sprechen die meisten Menschen? Mandarin
63%
Welche Farbe ist nicht in der Flagge von Seychellen dabei? Orange
54%
Bei welchem Fußballverein spielt Yann Sommer? Inter Mailand
49%
Was ist die drittgrößte Stadt in Deutschland? München
46%
Keine übereinstimmenden Quizze gefunden
Verteilung der Resultate
Anzahl Personen mit jedem Resultat
Perzentil nach korrekt beantworteten Fragen
Ihre Resultats-Entwicklung
Sie haben dieses Quiz noch nicht gespielt